000 00905nam a2200253Ia 4500
003 OSt
005 20220923224737.0
006 a|||||r|||| 00| 0
007 ta
008 220922b |||||||| |||| 00| 0 hin d
024 _a249,437
037 _cTextual
040 _aARTS
_cARTS
_bhin
041 _2hin
_ahin
082 _aO152,1vN3, J6:K2
100 _aसिंह, शम्भूनाथ
_9156272
245 0 _aहिन्दी महाकाव्य का स्वरूप विकास
246 _aHindī hinākāvya kā svarūp vikāsa
260 _aवाराणसी
_b हिन्दी प्रचारक पुस्तकालय
_c1966
300 _a710पृ.
_ccm.
650 _aहिन्दी साहित्य
_9156264
942 _hO152,1vN3, J6:K2
_cTEXL
_2CC
999 _c373354
_d373354